• 首页
  • 本馆介绍
  • 公告通知
  • 最新文献
  • 馆藏检索
  • 电子资源
  • 读者导购
  • 参考咨询
  • 我的图书馆
  • 登录
  • 详细信息显示
  • 放入我的书架
  • 预约/预借图书
  • 作者相关作品
  • 分类相关作品
  • 丛书相关作品
  • 出版社相关作品

书目信息

  • 表格格式
  • 工作单格式
  • 卡片格式
书名: The Kennedy tapes
作者: edited by Ernest R. May and Philip D. Zelikow.
分册号:
分册名:
出版地: Cambridge, Mass :
 
出版社: Belknap Press of Harvard University Press
出版时间: c1997.
页数: xv, 728 p. :
开本: 25 cm.
丛书名:
中图分类号:
科图分类号:
其他分类号: D771.22
主题词:
电子资源:
000 01137cam 2200301 a 4500
001 E0733105276
005 20070316091524.79
008 970401s1997 maua b 001 0 eng
010    @a 97014216
020    @a0674179277 (paper).
020    @a0674179269 (alk. paper).
040    @aDLC@cDLC@dDLC
043    @an-us---@anwcu---
050 00 @aE841@b.K4655 1997
082 00 @a973.922 @2 21
090    @aD815.9/X5
090    @aD771.22
099    @dD771.22@ex13
245 04 @aThe Kennedy tapes :@binside the White House during the Cuban missile crisis / @cedited by Ernest R. May and Philip D. Zelikow.
260    @aCambridge, Mass :@bBelknap Press of Harvard University Press,@cc1997.
300    @axv, 728 p. :@bill. ;@c25 cm.
500    @a"First Harvard University Press paperback edition, 1998" -- T.p. verso.
504    @aIncludes bibliographical references (p. 703-716) and index.
600 10 @aKennedy, John F.@q(John Fitzgerald),@d1917-1963@vArchives.
650  0 @aCuban Missile Crisis, 1962@vSources.
700 1  @aMay, Ernest R.
700 1  @aZelikow, Philip,@d1954-
920    @a232010@z2
    
    The Kennedy tapes : : inside the White House during the Cuban missile crisis / / edited by Ernest R. May and Philip D. Zelikow.-Cambridge, Mass : : Belknap Press of Harvard University Press, , c1997.
    xv, 728 p. : : ill. ; ; 25 cm.
    "First Harvard University Press paperback edition, 1998" -- T.p. verso.-Includes bibliographical references (p. 703-716) and index.
    
    ISBN 0674179277 (paper).
    
●
相关链接 在E读中查询图书 在五车中查询图书 在当当中查询图书 在豆瓣中查询图书


正题名:Kennedy tapes     索取号:D771.22/x13         预约/预借

序号 登录号 条形码 馆藏地/架位号 状态 备注
1 0002048   300020484   第二样本阅览室/ [索取号:D771.22/x13] 在馆    
2 0002049   300020493   第四借阅区/ [索取号:D771.22/x13] 在馆    
唐山师范学院图书馆 欢迎您!
大连网信软件有限公司© 版权所有